<?xml version="1.0" encoding="UTF-8"?>
<record
    xmlns:xsi="http://www.w3.org/2001/XMLSchema-instance"
    xsi:schemaLocation="http://www.loc.gov/MARC21/slim http://www.loc.gov/standards/marcxml/schema/MARC21slim.xsd"
    xmlns="http://www.loc.gov/MARC21/slim">

  <leader>01170nam a2200241Ia 4500</leader>
  <controlfield tag="003">OSt</controlfield>
  <controlfield tag="005">20250213120249.0</controlfield>
  <controlfield tag="008">200815s9999||||xx |||||||||||||| ||und||</controlfield>
  <datafield tag="020" ind1=" " ind2=" ">
    <subfield code="a">9622941281</subfield>
  </datafield>
  <datafield tag="040" ind1=" " ind2=" ">
    <subfield code="c">0</subfield>
  </datafield>
  <datafield tag="041" ind1=" " ind2=" ">
    <subfield code="a">chi</subfield>
    <subfield code="h">eng</subfield>
  </datafield>
  <datafield tag="050" ind1=" " ind2=" ">
    <subfield code="a">BX8217.W54</subfield>
    <subfield code="b">.S4 1996</subfield>
  </datafield>
  <datafield tag="245" ind1=" " ind2="0">
    <subfield code="a">&#x885B;&#x65AF;&#x7406;&#x8B1B;&#x9053;&#x96C6;</subfield>
    <subfield code="b"> /</subfield>
    <subfield code="c">&#x80E1;&#x7C2A;&#x96F2;&#x8B6F;</subfield>
  </datafield>
  <datafield tag="246" ind1=" " ind2=" ">
    <subfield code="a">&#x536B;&#x65AF;&#x7406;&#x8BB2;&#x9053;&#x96C6;</subfield>
  </datafield>
  <datafield tag="260" ind1=" " ind2=" ">
    <subfield code="a">&#x9999;&#x6E2F; : </subfield>
    <subfield code="b">&#x57FA;&#x7763;&#x6559;&#x6587;&#x85DD;&#x51FA;&#x7248;&#x793E;, </subfield>
    <subfield code="c">1996</subfield>
  </datafield>
  <datafield tag="300" ind1=" " ind2=" ">
    <subfield code="a">242 p.</subfield>
    <subfield code="b">;</subfield>
    <subfield code="c">19 cm.</subfield>
  </datafield>
  <datafield tag="505" ind1=" " ind2=" ">
    <subfield code="a">&#x7D04;&#x7FF0;&#x885B;&#x65AF;&#x7406;&#x4E0D;&#x4F46;&#x662F;&#x5341;&#x516B;&#x4E16;&#x7D00;&#x798F;&#x97F3;&#x5FA9;&#x8208;&#x904B;&#x52D5;&#x548C;&#x5FAA;&#x9053;&#x904B;&#x52D5;&#x7684;&#x9818;&#x8896;&#xFF0C;&#x4EA6;&#x662F;&#x4E00;&#x4F4D;&#x5049;&#x5927;&#x7684;&#x771F;&#x7406;&#x5BE6;&#x8E10;&#x8005;&#x3002;&#x4ED6;&#x5C08;&#x6CE8;&#x65BC;&#x751F;&#x547D;&#x7684;&#x898B;&#x8B49;&#xFF0C;&#x6DF1;&#x4FE1;&#x7814;&#x7FD2;&#x4E0A;&#x5E1D;&#x7684;&#x771F;&#x7406;&#xFF0C;&#x6700;&#x597D;&#x7684;&#x65B9;&#x6CD5;&#x5C31;&#x662F;&#x5BE6;&#x884C;&#x7942;&#x7684;&#x65E8;&#x610F;&#x3002;&#x885B;&#x65AF;&#x7406;&#x53C8;&#x8A8D;&#x70BA;&#x552F;&#x6709;&#x7528;&#x7D93;&#x9A57;&#x4F86;&#x9AD4;&#x6703;&#x4E0A;&#x5E1D;&#x5728;&#x57FA;&#x7763;&#x88E1;&#x7684;&#x5967;&#x7955;&#xFF0C;&#x7531;&#x6B64;&#x51FA;&#x767C;&#x6240;&#x7522;&#x751F;&#x7684;&#x6559;&#x8A13;&#x8207;&#x884C;&#x70BA;&#x65B9;&#x70BA;&#x5BF6;&#x8CB4;&#x3002;&#x800C;&#x4ED6;&#x7684;&#x6559;&#x8A13;&#x8457;&#x91CD;&#x4E0A;&#x5E1D;&#x7684;&#x611B;&#x3001;&#x8056;&#x9748;&#x7684;&#x5370;&#x8B49;&#x548C;&#x57FA;&#x7763;&#x5F92;&#x7684;&#x5B8C;&#x5168;&#x4E09;&#x9805;&#x6559;&#x7FA9;&#x3002;
&#x672C;&#x8B1B;&#x9053;&#x96C6;&#x6B63;&#x662F;&#x4ED6;&#x8B1B;&#x7AE0;&#x4E2D;&#x7684;&#x7CBE;&#x9078;&#xFF0C;&#x6587;&#x8A5E;&#x5E73;&#x5BE6;&#x6EAB;&#x5A49;&#xFF0C;&#x860A;&#x85CF;&#x8457;&#x6DF1;&#x9083;&#x7684;&#x5C6C;&#x9748;&#x77E5;&#x8B58;&#x548C;&#x707C;&#x898B;&#x3002;
 </subfield>
  </datafield>
  <datafield tag="650" ind1=" " ind2=" ">
    <subfield code="a">Methodist Church -- Sermons.</subfield>
  </datafield>
  <datafield tag="650" ind1=" " ind2=" ">
    <subfield code="a">Methodist Church.</subfield>
  </datafield>
  <datafield tag="650" ind1=" " ind2=" ">
    <subfield code="a">Sermons, Chinese.</subfield>
  </datafield>
  <datafield tag="700" ind1=" " ind2=" ">
    <subfield code="a">&#x80E1;&#x7C2A;&#x96F2;</subfield>
  </datafield>
  <datafield tag="942" ind1=" " ind2=" ">
    <subfield code="2">ddc</subfield>
    <subfield code="c">CB</subfield>
  </datafield>
  <datafield tag="952" ind1=" " ind2=" ">
    <subfield code="0">0</subfield>
    <subfield code="1">0</subfield>
    <subfield code="4">0</subfield>
    <subfield code="7">0</subfield>
    <subfield code="a">GETS</subfield>
    <subfield code="b">GETS</subfield>
    <subfield code="c">GEN</subfield>
    <subfield code="d">2020-08-15</subfield>
    <subfield code="l">0</subfield>
    <subfield code="o">BX8217.W54 .S4 1996</subfield>
    <subfield code="p">00002249</subfield>
    <subfield code="r">2020-08-15 00:00:00</subfield>
    <subfield code="w">2020-08-15</subfield>
    <subfield code="y">CB</subfield>
  </datafield>
  <datafield tag="999" ind1=" " ind2=" ">
    <subfield code="c">11396</subfield>
    <subfield code="d">11396</subfield>
  </datafield>
</record>
